000 00778nam a2200241Ia 4500
003 OSt
005 20220923212037.0
006 a|||||r|||| 00| 0
007 ta
008 220922b |||||||| |||| 00| 0 hin d
024 _a150,225
037 _cTextual
040 _aARTS
_cARTS
_bhin
041 _2hin
_ahin
082 _aAv2.D, 152L3
100 _aमुले, गुणाकर
_9156291
245 0 _aभारतीय विज्ञान की कहानी
246 _aBhāratīya vijnyān kī kahānī
260 _afnYyh]
_bjktdey
_c1973
490 _aभारतीय ज्ञानविज्ञान पुस्तालय -1
942 _hAv2.D, 152L3
_cTEXL
_2CC
999 _c305905
_d305905